Normal view MARC view

Entry Topical Term

Number of records used in: 1

001 - CONTROL NUMBER

  • control field: 27955

003 - CONTROL NUMBER IDENTIFIER

  • control field: OSt

005 - DATE AND TIME OF LATEST TRANSACTION

  • control field: 20211005144820.0

008 - FIXED-LENGTH DATA ELEMENTS

  • fixed length control field: 211005|| aca||aabn | a|a d

040 ## - CATALOGING SOURCE

  • Original cataloging agency: OSt
  • Transcribing agency: OSt

150 ## - HEADING--TOPICAL TERM

  • Topical term or geographic name entry element: Covid-19, Economic crisis, Maritime power, Nuclear attack submarines,

670 ## - SOURCE DATA FOUND

  • Source citation: Work cat.: (OSt)517677: Thomas, Roby 27954, Nuclear attack submarines: The elixir for a true blue-water navy

Powered by Koha